000 00287nam a22001337a 4500
008 180125b xxu||||| |||| 00| 0 eng d
020 _a9780815105954
041 _aeng
080 _a615.83
100 _a8
101 _aekz
245 _aswimming diving
_cstephen.l
942 _2udc
_cBK
999 _c40963
_d40963